Video Games by Final Boss - Statistics

General Stats
  • This quiz has been taken 46 times
  • The average score is 12 of 22
Answer Stats
Boss Game % Correct
Bowser Super Mario Bros.
100%
Ender Dragon Minecraft
86%
Mike Tyson Punch Out
86%
Ganon The Legend of Zelda
86%
Shredder Teenage Mutant Ninja Turtles
81%
Master Hand Super Smash Bros.
79%
Dracula Castlevania
77%
Mother Brain Metroid
74%
Sephiroth Final Fantasy VII
72%
King Dedede Kirby's Dream Land
72%
GLaDOS Portal
72%
M. Bison Street Fighter
58%
Hades Hades
49%
Wheatley Portal 2
42%
The Boss Metal Gear Solid 3: Snake Eater
40%
Giygas Earthbound
33%
Frank Fontaine Bioshock
16%
Didact Halo 4
14%
Saren Mass Effect
14%
Nihilanth Half-Life
9%
SHODAN System Shock
9%
Dr. Proton Duke Nukem
2%
No matching quizzes found
Score Distribution
Percent of People with Each Score
Percentile by Number Answered
Your Score History
You have not taken this quiz